Ανάπτυξη μεθοδολογίας με την χρήση ΓΣΠ για την έρευνα και διάσωση στα περιπατητικά μονοπάτια της Λέσβου

Αποθηκεύτηκε σε:
Λεπτομέρειες βιβλιογραφικής εγγραφής
Κύριος συγγραφέας: Ζαχαρίου, Αναστάσιος
Συγγραφή απο Οργανισμό/Αρχή: Πανεπιστήμιο Αιγαίου Σχολή Περιβάλλοντος Τμήμα Περιβάλλοντος Πρόγραμμα Μεταπτυχιακών Σπουδών Οικολογική Μηχανική και Κλιματική Αλλαγή
Μορφή: Thesis Βιβλίο
Γλώσσα:Greek
Δημοσίευση: 2017.
Ετικέτες: Προσθήκη ετικέτας
Δεν υπάρχουν, Καταχωρήστε ετικέτα πρώτοι!

MARC

LEADER 00000cam a2200000 a 4500
001 1/120886
008 200212s2017####gr | ||| |||| ||gre||
040 |a GR-MyUa  |b gre  |c GR-MyUa  |e AACR2 
041 0 |a gre 
082 7 |a 0000  |2 (23) 
100 1 |a Ζαχαρίου, Αναστάσιος. 
245 1 0 |a Ανάπτυξη μεθοδολογίας με την χρήση ΓΣΠ για την έρευνα και διάσωση στα περιπατητικά μονοπάτια της Λέσβου /   |c εκπόνηση: Ζαχαρίου Αναστάσιος ; επιβλέποντες καθηγητές: Κοντός Θέμης.  
260 |c 2017.  
300 |a 58 σ. :   |b χάρτες, πιν. ;   |c 29 εκ.  
500 |a Τριμελής επιτροπή: Ματσούκας Χρήστος, Στασινάκης Αθανάσιος, Χαραλαμπόπουλος Δίας.  
502 |a Διατριβή (μεταπτυχιακή) - Πανεπιστήμιο Αιγαίου, Μυτιλήνη, 2017.  
504 |a Βιβλιογραφία: σ. 56-58.  
506 0 |a Ηλεκτρονική διάθεση στο πλήρες κείμενο - ελεύθερης πρόσβασης.  
540 |a Κλειδωμένη η δυνατότητα αντιγραφής (copy) από το ηλεκτρονικό κείμενο.  
700 1 |a Κοντός, Θεμιστοκλής Δ.  |e dgs 
710 2 |a Πανεπιστήμιο Αιγαίου  |b Σχολή Περιβάλλοντος   |b Τμήμα Περιβάλλοντος  |b Πρόγραμμα Μεταπτυχιακών Σπουδών Οικολογική Μηχανική και Κλιματική Αλλαγή. 
852 |a INST  |b LESVOS  |c DIATR  |e 20200212  |h 295  |p 005100062693  |q 005100062693  |t MTXE  |y 23 
920 |a Ζαχαρίου   |b Αναστάσιος  |y Λέσβος  |z 2017-02 
970 |a Καμάτσου  |b Δέσποινα  |z 12-02-2020